[Event "FIDE World Rapid-ch Open 2018"]
[White "Baron, Tal"]
[Black "Bilguun, Sumiya"]
[Site "St. Petersburg"]
[Round "13.80"]
[Annotator "ChessBase"]
[Result "0-1"]
[Date "2018.12.28"]
[WhiteElo "2532"]
[BlackElo "2497"]
[PlyCount "126"]
[TimeControl "900+10"]

1. e4 {[%emt 0:2:10]} c5 {[%emt 0:0:0]} 2. Nf3 {[%emt 0:0:2]} e6 {[%emt 0:0:0]} 3. d4 {[%emt 0:0:0]} cxd4 {[%emt 0:0:0]} 4. Nxd4 {[%emt 0:0:1]} a6 {[%emt 0:0:1]} 5. c4 {[%emt 0:0:2]} Nf6 {[%emt 0:0:2]} 6. Nc3 {[%emt 0:0:1]
} Qc7 {[%emt 0:0:2]} 7. Be2 {[%emt 0:0:1]} Bb4 {[%emt 0:0:0]} 8. 0-0 {[%emt 0:0:2]} 0-0 {[%emt 0:0:23]} 9. Bg5 {[%emt 0:0:33]} Nc6 {[%emt 0:2:49]
} 10. Bxf6 {[%emt 0:1:45]} gxf6 {[%emt 0:0:2]} 11. Rc1 {[%emt 0:0:9]
} Qd6 {[%emt 0:1:23]} 12. a3 {[%emt 0:4:46]} Bc5 {[%emt 0:0:0]} 13. Nb3 {[%emt 0:0:5]} b6 {[%emt 0:0:56]} 14. Nxc5 {[%emt 0:1:18]} Qxd1 {[%emt 0:0:5]} 15. Rfxd1 {[%emt 0:0:3]} bxc5 {[%emt 0:0:2]} 16. Na4 {[%emt 0:0:9]} Nd4 {[%emt 0:3:41]} 17. Bf1 {[%emt 0:0:35]} d6 {[%emt 0:0:0]} 18. b4 {[%emt 0:0:4]} Bd7 {[%emt 0:0:23]} 19. bxc5 {[%emt 0:0:37]} Bxa4 {[%emt 0:0:3]} 20. Rxd4 {[%emt 0:0:11]} dxc5 {[%emt 0:0:5]} 21. Rd6 {[%emt 0:0:12]
} Rfd8 {[%emt 0:1:4]} 22. Rb6 {[%emt 0:0:21]} Rd4 {[%emt 0:0:0]} 23. f3 {[%emt 0:0:5]} Rd2 {[%emt 0:0:14]} 24. Rcb1 {[%emt 0:0:4]} Kg7 {[%emt 0:2:53]} 25. Rb8 {[%emt 0:0:19]} Rxb8 {[%emt 0:0:5]} 26. Rxb8 {[%emt 0:0:1]
} Rd6 {[%emt 0:0:27]} 27. Kf2 {[%emt 0:0:11]} e5 {[%emt 0:0:0]} 28. Ke3 {[%emt 0:0:15]} Bd7 {[%emt 0:0:2]} 29. g4 {[%emt 0:0:41]} Be6 {[%emt 0:0:2]} 30. Rb1 {[%emt 0:0:54]} Rd4 {[%emt 0:0:3]} 31. Rc1 {[%emt 0:0:13]
} Rd6 {[%emt 0:0:9]} 32. Rb1 {[%emt 0:0:9]} Rd4 {[%emt 0:0:0]} 33. Rc1 {[%emt 0:0:9]} Rd6 {[%emt 0:0:0]} 34. Bd3 {[%emt 0:0:54]} Rb6 {[%emt 0:0:9]} 35. Kd2 {[%emt 0:0:5]} Rb3 {[%emt 0:0:43]} 36. Ra1 {[%emt 0:0:8]
} Bd7 {[%emt 0:0:6]} 37. h4 {[%emt 0:1:16]} h6 {[%emt 0:0:4]
} 38. h5 {[%emt 0:0:37]} Kf8 {[%emt 0:0:5]} 39. Kc2 {[%emt 0:0:20]} Ba4 {[%emt 0:0:1]
} 40. Kd2 {[%emt 0:0:2]} Rb2+ {[%emt 0:0:15]} 41. Ke3 {[%emt 0:0:3]
} Bb3 {[%emt 0:0:38]} 42. Rc1 {[%emt 0:0:29]} a5 {[%emt 0:0:0]} 43. f4 {[%emt 0:1:0]} a4 {[%emt 0:0:25]} 44. Bb1 {[%emt 0:0:40]} Rh2 {[%emt 0:0:5]
} 45. fxe5 {[%emt 0:0:19]} fxe5 {[%emt 0:0:2]} 46. Kf3 {[%emt 0:0:6]
} Kg7 {[%emt 0:0:11]} 47. Kg3 {[%emt 0:0:8]} Rd2 {[%emt 0:0:0]} 48. Rc3 {[%emt 0:0:8]} Rd1 {[%emt 0:0:23]} 49. Bd3 {[%emt 0:0:4]} Ra1 {[%emt 0:0:2]} 50. Be2 {[%emt 0:0:28]} Rxa3 {[%emt 0:0:5]} 51. Rf3 {[%emt 0:0:24]
} Ra2 {[%emt 0:0:5]} 52. Bf1 {[%emt 0:0:6]} Rd2 {[%emt 0:0:0]} 53. g5 {[%emt 0:0:5]} hxg5 {[%emt 0:0:2]} 54. h6+ {[%emt 0:0:0]} Kxh6 {[%emt 0:0:2]} 55. Rxf7 {[%emt 0:0:4]} a3 {[%emt 0:0:1]} 56. Ra7 {[%emt 0:0:33]
} a2 {[%emt 0:0:2]} 57. Bh3 {[%emt 0:0:1]} Rd3+ {[%emt 0:0:0]} 58. Kg2 {[%emt 0:0:5]} Rd1 {[%emt 0:0:10]} 59. Bf5 {[%emt 0:0:10]} g4 {[%emt 0:0:1]} 60. Ra6+ {[%emt 0:0:24]} Kh5 {[%emt 0:0:21]} 61. Kg3 {[%emt 0:0:12]
} Rg1+ {[%emt 0:0:2]} 62. Kh2 {[%emt 0:0:3]} a1=Q {[%emt 0:0:0]} 63. Bxg4+ {[%emt 0:0:11]} Kg5 {[%emt 0:0:9]} 0-1

[Event "FIDE World Rapid-ch Open 2018"]
[White "Nozdrachev, Vladislav"]
[Black "Pogosyan, Stefan"]
[Site "St. Petersburg"]
[Round "13.81"]
[Annotator "ChessBase"]
[Result "1-0"]
[Date "2018.12.28"]
[WhiteElo "2486"]
[BlackElo "2365"]
[PlyCount "51"]
[TimeControl "900+10"]

1. e4 {[%emt 0:0:0]} e5 {[%emt 0:0:20]} 2. Nf3 {[%emt 0:0:0]} Nc6 {[%emt 0:0:1]
} 3. Bc4 {[%emt 0:0:0]} Nf6 {[%emt 0:0:14]} 4. d3 {[%emt 0:0:0]} Be7 {[%emt 0:0:9]} 5. Nc3 {[%emt 0:0:23]} 0-0 {[%emt 0:0:7]} 6. a3 {[%emt 0:0:12]
} d6 {[%emt 0:0:9]} 7. h3 {[%emt 0:0:31]} Be6 {[%emt 0:0:3]} 8. Nd5 {[%emt 0:1:23]} h6 {[%emt 0:1:52]} 9. 0-0 {[%emt 0:0:14]} Re8 {[%emt 0:0:5]
} 10. c3 {[%emt 0:1:46]} Bf8 {[%emt 0:1:25]} 11. Nh2 {[%emt 0:0:0]} Bxd5 {[%emt 0:2:0]} 12. exd5 {[%emt 0:0:3]} Ne7 {[%emt 0:0:1]} 13. Qf3 {[%emt 0:0:15]} Qd7 {[%emt 0:2:19]} 14. Bxh6 {[%emt 0:0:52]} c6 {[%emt 0:2:25]
} 15. dxc6 {[%emt 0:0:41]} bxc6 {[%emt 0:0:0]} 16. Bg5 {[%emt 0:1:16]
} d5 {[%emt 0:0:13]} 17. Bxf6 {[%emt 0:0:3]} gxf6 {[%emt 0:0:0]} 18. Ba2 {[%emt 0:0:31]} f5 {[%emt 0:0:13]} 19. Rfe1 {[%emt 0:0:43]} Bg7 {[%emt 0:0:2]} 20. Nf1 {[%emt 0:0:3]} e4 {[%emt 0:1:59]} 21. dxe4 {[%emt 0:0:11]
} fxe4 {[%emt 0:0:0]} 22. Rxe4 {[%emt 0:0:20]} dxe4 {[%emt 0:0:0]} 23. Bxf7+ {[%emt 0:0:58]} Kh7 {[%emt 0:0:3]} 24. Qh5+ {[%emt 0:0:0]} Bh6 {[%emt 0:0:14]} 25. Rd1 {[%emt 0:0:5]} Qc8 {[%emt 0:1:41]} 26. Rd6 {[%emt 0:0:6]} 1-0

[Event "FIDE World Rapid-ch Open 2018"]
[White "Shubin, Kirill"]
[Black "Drygalov, Andrey"]
[Site "St. Petersburg"]
[Round "13.82"]
[Annotator "ChessBase"]
[Result "0-1"]
[Date "2018.12.28"]
[WhiteElo "2334"]
[BlackElo "2481"]
[PlyCount "98"]
[TimeControl "900+10"]

1. e4 {[%emt 0:0:0]} c5 {[%emt 0:0:0]} 2. Nf3 {[%emt 0:0:0]} d6 {[%emt 0:0:0]} 3. d4 {[%emt 0:0:0]} cxd4 {[%emt 0:0:0]} 4. Qxd4 {[%emt 0:0:0]} a6 {[%emt 0:0:5]} 5. h3 {[%emt 0:0:0]} Nc6 {[%emt 0:0:7]} 6. Qe3 {[%emt 0:0:1]
} g6 {[%emt 0:0:11]} 7. c4 {[%emt 0:0:6]} Bg7 {[%emt 0:0:3]} 8. Nc3 {[%emt 0:0:12]} Nf6 {[%emt 0:0:8]} 9. Be2 {[%emt 0:0:2]} 0-0 {[%emt 0:0:8]
} 10. 0-0 {[%emt 0:0:2]} Nd7 {[%emt 0:0:25]} 11. Rb1 {[%emt 0:0:0]} Nde5 {[%emt 0:0:16]} 12. Rd1 {[%emt 0:0:47]} Nxf3+ {[%emt 0:0:54]} 13. Bxf3 {[%emt 0:0:5]} Be6 {[%emt 0:0:30]} 14. b3 {[%emt 0:0:16]} Qa5 {[%emt 0:1:40]
} 15. Bb2 {[%emt 0:0:4]} Rab8 {[%emt 0:1:19]} 16. Nd5 {[%emt 0:2:10]
} Qc5 {[%emt 0:2:11]} 17. Qe1 {[%emt 0:2:29]} Bxb2 {[%emt 0:0:0]} 18. Rxb2 {[%emt 0:0:2]} Bxd5 {[%emt 0:0:19]} 19. Rxd5 {[%emt 0:0:28]} Qb4 {[%emt 0:0:30]} 20. Qc1 {[%emt 0:1:7]} e6 {[%emt 0:0:52]} 21. Rd1 {[%emt 0:0:53]
} e5 {[%emt 0:0:32]} 22. Bg4 {[%emt 0:0:56]} Nd4 {[%emt 0:0:0]} 23. f4 {[%emt 0:0:28]} Qc5 {[%emt 0:1:54]} 24. Kh1 {[%emt 0:0:20]} f6 {[%emt 0:1:7]
} 25. b4 {[%emt 0:0:43]} Qc7 {[%emt 0:0:47]} 26. c5 {[%emt 0:0:0]} dxc5 {[%emt 0:0:25]} 27. bxc5 {[%emt 0:0:13]} Kg7 {[%emt 0:0:39]} 28. Rb6 {[%emt 0:0:25]} Rf7 {[%emt 0:0:35]} 29. Rd6 {[%emt 0:1:48]} b6 {[%emt 0:1:18]
} 30. Rd5 {[%emt 0:0:33]} bxc5 {[%emt 0:0:18]} 31. Rxc5 {[%emt 0:0:4]
} Qe7 {[%emt 0:0:4]} 32. Qc4 {[%emt 0:1:15]} Rb2 {[%emt 0:0:0]} 33. Qd5 {[%emt 0:0:25]} h5 {[%emt 0:0:18]} 34. Bc8 {[%emt 0:0:8]} Ne2 {[%emt 0:0:15]} 35. f5 {[%emt 0:1:2]} Nf4 {[%emt 0:0:4]} 36. Qc4 {[%emt 0:0:0]} gxf5 {[%emt 0:0:14]} 37. Rd7 {[%emt 0:0:21]} Qxd7 {[%emt 0:0:13]} 38. Bxd7 {[%emt 0:0:2]} Rxd7 {[%emt 0:0:2]} 39. Rc7 {[%emt 0:0:10]} Rxc7 {[%emt 0:0:2]
} 40. Qxc7+ {[%emt 0:0:1]} Kg6 {[%emt 0:0:4]} 41. Qc4 {[%emt 0:0:36]
} Rxg2 {[%emt 0:0:27]} 42. Qg8+ {[%emt 0:0:26]} Kh6 {[%emt 0:0:0]} 43. Qh8+ {[%emt 0:0:7]} Kg5 {[%emt 0:0:23]} 44. Qg7+ {[%emt 0:0:3]
} Kh4 {[%emt 0:0:1]} 45. Qxf6+ {[%emt 0:0:1]} Kg3 {[%emt 0:0:6]} 46. Qg5+ {[%emt 0:0:28]} Kf2 {[%emt 0:0:14]} 47. Qxf5 {[%emt 0:0:2]} Rg1+ {[%emt 0:0:0]} 48. Kh2 {[%emt 0:0:2]} Rg2+ {[%emt 0:0:1]} 49. Kh1 {[%emt 0:0:0]} Rg3 0-1

[Event "FIDE World Rapid-ch Open 2018"]
[White "Shinkevich, Vitaly"]
[Black "Drygalov, Sergey"]
[Site "St. Petersburg"]
[Round "13.83"]
[Annotator "NA"]
[Result "1/2-1/2"]
[Date "2018.12.28"]
[WhiteElo "2439"]
[BlackElo "2446"]
[PlyCount "128"]
[TimeControl "900+10"]

1. Nf3 {[%emt 0:0:0]} Nf6 {[%emt 0:0:0]} 2. c4 {[%emt 0:0:0]} c6 {[%emt 0:0:2]
} 3. Nc3 {[%emt 0:0:6]} d5 {[%emt 0:0:1]} 4. d4 {[%emt 0:0:0]} e6 {[%emt 0:0:0]} 5. g3 {[%emt 0:0:7]} dxc4 {[%emt 0:0:28]} 6. Bg2 {[%emt 0:0:3]
} b5 {[%emt 0:0:1]} 7. Ne5 {[%emt 0:0:6]} a6 {[%emt 0:0:4]} 8. 0-0 {[%emt 0:0:32]} Bb7 {[%emt 0:0:49]} 9. b3 {[%emt 0:0:13]} cxb3 {[%emt 0:1:17]
} 10. axb3 {[%emt 0:0:15]} Be7 {[%emt 0:2:10]} 11. Bg5 {[%emt 0:0:20]
} 0-0 {[%emt 0:1:36]} 12. Rc1 {[%emt 0:0:3]} Ra7 {[%emt 0:0:0]} 13. Ne4 {[%emt 0:8:7]} Nd5 {[%emt 0:1:22]} 14. Bxe7 {[%emt 0:0:7]} Qxe7 {[%emt 0:0:4]} 15. Nc5 {[%emt 0:0:10]} b4 {[%emt 0:1:14]} 16. e3 {[%emt 0:0:29]
} a5 {[%emt 0:0:24]} 17. Ra1 {[%emt 0:0:3]} Ba6 {[%emt 0:0:0]} 18. Re1 {[%emt 0:0:22]} Bb5 {[%emt 0:0:2]} 19. Qh5 {[%emt 0:0:20]} Na6 {[%emt 0:0:39]} 20. Ne4 {[%emt 0:0:36]} f6 {[%emt 0:0:42]} 21. Nf3 {[%emt 0:0:0]} Nb8 {[%emt 0:0:30]} 22. Nfd2 {[%emt 0:2:49]} Nd7 {[%emt 0:0:7]} 23. Nc4 {[%emt 0:0:56]} a4 {[%emt 0:1:34]} 24. Ned6 {[%emt 0:0:3]} g6 {[%emt 0:0:0]} 25. Qh4 {[%emt 0:0:33]} Bxc4 {[%emt 0:0:11]} 26. Nxc4 {[%emt 0:0:2]
} N7b6 {[%emt 0:0:27]} 27. Nxb6 {[%emt 0:0:16]} Nxb6 {[%emt 0:0:1]} 28. bxa4 {[%emt 0:0:5]} Rxa4 {[%emt 0:0:23]} 29. Bxc6 {[%emt 0:0:34]} Rxa1 {[%emt 0:0:19]
} 30. Rxa1 {[%emt 0:0:1]} Rc8 {[%emt 0:0:30]} 31. Be4 {[%emt 0:0:35]
} Nc4 {[%emt 0:0:11]} 32. Ra6 {[%emt 0:0:25]} b3 {[%emt 0:0:0]} 33. d5 {[%emt 0:0:3]} g5 {[%emt 0:0:15]} 34. Rxe6 {[%emt 0:0:7]} gxh4 {[%emt 0:0:8]} 35. Rxe7 {[%emt 0:0:1]} Nd2 {[%emt 0:0:8]} 36. Bf5 {[%emt 0:0:25]
} Rb8 {[%emt 0:0:6]} 37. d6 {[%emt 0:0:9]} b2 {[%emt 0:0:18]
} 38. d7 {[%emt 0:0:7]} Kf8 {[%emt 0:0:3]} 39. Rxh7 {[%emt 0:0:3]} Rd8 {[%emt 0:0:1]
} 40. Rh8+ {[%emt 0:0:24]} Ke7 {[%emt 0:0:1]} 41. Rxd8 {[%emt 0:0:2]
} Kxd8 {[%emt 0:0:14]} 42. gxh4 {[%emt 0:0:2]} b1=Q+ {[%emt 0:0:0]} 43. Bxb1 {[%emt 0:0:1]} Nxb1 {[%emt 0:0:1]} 44. h5 {[%emt 0:0:2]} Nd2 {[%emt 0:0:12]} 45. Kg2 {[%emt 0:0:18]} Ne4 {[%emt 0:0:27]} 46. Kf3 {[%emt 0:0:35]
} Nd6 {[%emt 0:0:1]} 47. h6 {[%emt 0:0:8]} Nf7 {[%emt 0:0:0]} 48. h7 {[%emt 0:0:2]} Ng5+ {[%emt 0:0:16]} 49. Kg4 {[%emt 0:0:1]} Nxh7 {[%emt 0:0:3]} 50. Kf5 {[%emt 0:0:4]} Kxd7 {[%emt 0:0:1]} 51. Kg6 {[%emt 0:0:6]
} Ng5 {[%emt 0:0:3]} 52. h4 {[%emt 0:0:17]} Nf3 {[%emt 0:0:0]} 53. h5 {[%emt 0:0:14]} Ke7 {[%emt 0:0:33]} 54. h6 {[%emt 0:0:14]} Ne5+ {[%emt 0:0:7]} 55. Kg7 {[%emt 0:0:5]} f5 {[%emt 0:0:6]} 56. h7 {[%emt 0:0:0]} Nf7 {[%emt 0:0:1]} 57. f4 {[%emt 0:0:21]} Nh8 {[%emt 0:0:22]} 58. Kg8 {[%emt 0:0:11]} Kf6 {[%emt 0:0:10]} 59. Kf8 {[%emt 0:0:9]} Kg6 {[%emt 0:0:2]
} 60. Kg8 {[%emt 0:0:1]} Kf6 {[%emt 0:0:1]} 61. Kf8 {[%emt 0:0:0]} Ng6+ {[%emt 0:0:24]} 62. Kg8 {[%emt 0:0:8]} Ne7+ {[%emt 0:0:1]} 63. Kf8 {[%emt 0:0:9]} Ng6+ {[%emt 0:0:2]} 64. Kg8 {[%emt 0:0:5]} Ne7+ {[%emt 0:0:28]
} 1/2-1/2

[Event "FIDE World Rapid-ch Open 2018"]
[White "Golubov, Saveliy"]
[Black "Lobanov, Sergei"]
[Site "St. Petersburg"]
[Round "13.84"]
[Annotator "ChessBase"]
[Result "1/2-1/2"]
[Date "2018.12.28"]
[WhiteElo "2482"]
[BlackElo "2526"]
[PlyCount "184"]
[TimeControl "900+10"]

1. d4 {[%emt 0:0:0]} Nf6 {[%emt 0:0:0]} 2. c4 {[%emt 0:0:9]} e6 {[%emt 0:0:0]} 3. Qc2 {[%emt 0:0:29]} d5 {[%emt 0:0:12]} 4. Nf3 {[%emt 0:0:9]} Be7 {[%emt 0:0:2]} 5. Nc3 {[%emt 0:0:9]} 0-0 {[%emt 0:1:15]} 6. Bf4 {[%emt 0:0:0]} c5 {[%emt 0:0:40]} 7. e3 {[%emt 0:0:9]} cxd4 {[%emt 0:0:14]} 8. Nxd4 {[%emt 0:0:6]} Nc6 {[%emt 0:0:51]} 9. Rd1 {[%emt 0:0:5]} Nxd4 {[%emt 0:2:1]
} 10. Rxd4 {[%emt 0:0:10]} Qa5 {[%emt 0:0:14]} 11. Qa4 {[%emt 0:3:28]
} Qxa4 {[%emt 0:0:33]} 12. Nxa4 {[%emt 0:0:1]} Bd7 {[%emt 0:0:0]} 13. Nc3 {[%emt 0:0:25]} Bc6 {[%emt 0:0:2]} 14. f3 {[%emt 0:0:11]} Rfd8 {[%emt 0:2:11]} 15. Be2 {[%emt 0:1:41]} Bc5 {[%emt 0:0:8]} 16. Rd3 {[%emt 0:1:11]
} dxc4 {[%emt 0:1:16]} 17. Rxd8+ {[%emt 0:0:1]} Rxd8 {[%emt 0:0:0]} 18. Bxc4 {[%emt 0:0:2]} Nh5 {[%emt 0:0:46]} 19. Ke2 {[%emt 0:1:24]} Nxf4+ {[%emt 0:0:12]} 20. exf4 {[%emt 0:0:1]} Rd4 {[%emt 0:0:26]} 21. Bd3 {[%emt 0:0:2]
} Rxf4 {[%emt 0:1:28]} 22. Be4 {[%emt 0:0:53]} f5 {[%emt 0:0:0]} 23. Bxc6 {[%emt 0:0:1]} bxc6 {[%emt 0:0:1]} 24. Rc1 {[%emt 0:0:2]} Rd4 {[%emt 0:3:21]} 25. Nd1 {[%emt 0:0:52]} Rd5 {[%emt 0:0:35]} 26. a3 {[%emt 0:0:22]
} a5 {[%emt 0:0:2]} 27. f4 {[%emt 0:1:19]} Kf7 {[%emt 0:0:22]
} 28. Ne3 {[%emt 0:1:5]} Bxe3 {[%emt 0:0:7]} 29. Kxe3 {[%emt 0:0:1]} Rb5 {[%emt 0:0:22]} 30. b4 {[%emt 0:0:2]} axb4 {[%emt 0:0:12]} 31. axb4 {[%emt 0:0:1]
} Rxb4 {[%emt 0:0:14]} 32. Rxc6 {[%emt 0:0:2]} Rb3+ {[%emt 0:0:0]} 33. Kf2 {[%emt 0:0:4]} h6 {[%emt 0:0:20]} 34. h4 {[%emt 0:0:2]} Rb4 {[%emt 0:0:12]} 35. Kf3 {[%emt 0:0:2]} Rb3+ {[%emt 0:0:11]} 36. Kf2 {[%emt 0:0:1]
} Rb4 {[%emt 0:0:1]} 37. Kg3 {[%emt 0:0:16]} g5 {[%emt 0:0:0]} 38. hxg5 {[%emt 0:0:13]} hxg5 {[%emt 0:0:1]} 39. fxg5 {[%emt 0:0:2]} Rg4+ {[%emt 0:0:2]} 40. Kf3 {[%emt 0:0:7]} Rxg5 {[%emt 0:0:2]} 41. Rc5 {[%emt 0:0:16]
} Rg4 {[%emt 0:0:6]} 42. Ra5 {[%emt 0:0:1]} Kf6 {[%emt 0:0:0]} 43. Ra6 {[%emt 0:0:1]} Rb4 {[%emt 0:0:2]} 44. g3 {[%emt 0:0:19]} Rb3+ {[%emt 0:0:10]} 45. Kf4 {[%emt 0:0:11]} Rc3 {[%emt 0:0:5]} 46. Rb6 {[%emt 0:0:5]
} Ra3 {[%emt 0:0:2]} 47. Rc6 {[%emt 0:0:7]} Ra4+ {[%emt 0:0:0]} 48. Kf3 {[%emt 0:0:1]} Ke5 {[%emt 0:0:1]} 49. Rc5+ {[%emt 0:0:29]} Kd4 {[%emt 0:0:7]} 50. Rc8 {[%emt 0:0:1]} Ke5 {[%emt 0:1:2]} 51. Rc3 {[%emt 0:0:16]
} Kd4 {[%emt 0:0:6]} 52. Rc8 {[%emt 0:0:2]} Kd5 {[%emt 0:0:0]} 53. Rd8+ {[%emt 0:0:37]} Ke5 {[%emt 0:0:4]} 54. Rd3 {[%emt 0:0:1]} Rd4 {[%emt 0:0:9]} 55. Ra3 {[%emt 0:0:8]} Rb4 {[%emt 0:0:16]} 56. Ra5+ {[%emt 0:0:25]
} Kf6 {[%emt 0:0:3]} 57. Ra6 {[%emt 0:0:3]} Rb3+ {[%emt 0:0:0]} 58. Kf4 {[%emt 0:0:4]} Rc3 {[%emt 0:0:1]} 59. Rb6 {[%emt 0:0:7]} Ra3 {[%emt 0:0:1]} 60. Rc6 {[%emt 0:0:43]} Ra4+ {[%emt 0:0:17]} 61. Kf3 {[%emt 0:0:1]
} Ke5 {[%emt 0:0:1]} 62. Rb6 {[%emt 0:0:59]} Ra3+ {[%emt 0:0:0]} 63. Kf2 {[%emt 0:0:1]} Kd5 {[%emt 0:0:6]} 64. Rb5+ {[%emt 0:0:5]} Ke4 {[%emt 0:0:10]} 65. Rb4+ {[%emt 0:0:2]} Ke5 {[%emt 0:0:9]} 66. Rb5+ {[%emt 0:0:1]
} Kf6 {[%emt 0:0:1]} 67. Rb6 {[%emt 0:0:1]} Ke5 {[%emt 0:0:0]} 68. Rb5+ {[%emt 0:0:39]} Kd4 {[%emt 0:0:0]} 69. Rb4+ {[%emt 0:0:31]} Kc5 {[%emt 0:0:0]} 70. Rb8 {[%emt 0:0:26]} Rd3 {[%emt 0:0:0]} 71. Ra8 {[%emt 0:0:44]
} Kd5 {[%emt 0:0:0]} 72. Ra5+ {[%emt 0:2:58]} Ke4 {[%emt 0:0:0]} 73. Ra4+ {[%emt 0:0:1]} Rd4 {[%emt 0:0:0]} 74. Ra2 {[%emt 0:0:1]} e5 {[%emt 0:0:0]} 75. Re2+ {[%emt 0:0:1]} Kd5 {[%emt 0:0:0]} 76. Ra2 {[%emt 0:0:3]
} Rc4 {[%emt 0:0:2]} 77. Kf3 {[%emt 0:0:13]} Rc3+ {[%emt 0:0:0]} 78. Kf2 {[%emt 0:0:1]} e4 {[%emt 0:0:42]} 79. Ra5+ {[%emt 0:0:19]} Rc5 {[%emt 0:0:11]} 80. Ra2 {[%emt 0:0:11]} Ke5 {[%emt 0:0:45]} 81. Ke3 {[%emt 0:0:45]
} Rc3+ {[%emt 0:0:14]} 82. Kf2 {[%emt 0:0:1]} Kd4 {[%emt 0:0:0]} 83. Rd2+ {[%emt 0:0:12]} Rd3 {[%emt 0:0:3]} 84. Ra2 {[%emt 0:0:1]} Rf3+ {[%emt 0:0:34]} 85. Kg2 {[%emt 0:0:2]} Rb3 {[%emt 0:0:2]} 86. Rf2 {[%emt 0:0:22]
} Kd3 {[%emt 0:0:47]} 87. Ra2 {[%emt 0:0:48]} Rc3 {[%emt 0:0:0]} 88. Kf2 {[%emt 0:0:1]} Kd4 {[%emt 0:0:28]} 89. Ra4+ {[%emt 0:0:5]} Rc4 {[%emt 0:0:6]} 90. Ra2 {[%emt 0:0:3]} Kd3 {[%emt 0:0:8]} 91. Ra3+ {[%emt 0:0:9]
} Kd2 {[%emt 0:0:14]} 92. Ra2+ {[%emt 0:0:8]} Kd3 {[%emt 0:0:0]} 1/2-1/2

[Event "FIDE World Rapid-ch Open 2018"]
[White "Christiansen, Johan-Sebastian"]
[Black "Vaisser, Anatoli"]
[Site "St. Petersburg"]
[Round "13.85"]
[Annotator "ChessBase"]
[Result "1-0"]
[Date "2018.12.28"]
[WhiteElo "2555"]
[BlackElo "2505"]
[PlyCount "83"]
[TimeControl "900+10"]

1. e4 {[%emt 0:0:0]} e6 {[%emt 0:0:0]} 2. d4 {[%emt 0:0:0]} d5 {[%emt 0:0:0]} 3. Nc3 {[%emt 0:0:0]} Bb4 {[%emt 0:0:0]} 4. e5 {[%emt 0:0:1]} c5 {[%emt 0:0:3]} 5. a3 {[%emt 0:0:21]} Ba5 {[%emt 0:0:4]} 6. b4 {[%emt 0:0:0]} cxd4 {[%emt 0:0:13]} 7. Nb5 {[%emt 0:0:4]} Bc7 {[%emt 0:0:3]} 8. f4 {[%emt 0:0:15]
} Ne7 {[%emt 0:0:21]} 9. Bd3 {[%emt 0:0:14]} a5 {[%emt 0:1:12]
} 10. Nxc7+ {[%emt 0:0:59]} Qxc7 {[%emt 0:0:2]} 11. b5 {[%emt 0:0:36]} a4 {[%emt 0:0:16]
} 12. Nf3 {[%emt 0:0:30]} Nd7 {[%emt 0:0:7]} 13. 0-0 {[%emt 0:0:0]} Nc5 {[%emt 0:0:11]} 14. Nxd4 {[%emt 0:0:45]} Nxd3 {[%emt 0:0:32]} 15. cxd3 {[%emt 0:0:51]} 0-0 {[%emt 0:0:36]} 16. Be3 {[%emt 0:0:56]} Nf5 {[%emt 0:1:3]
} 17. Nxf5 {[%emt 0:2:33]} exf5 {[%emt 0:0:3]} 18. b6 {[%emt 0:5:6]
} Qd8 {[%emt 0:1:22]} 19. Bd4 {[%emt 0:0:28]} Bd7 {[%emt 0:0:0]} 20. Rc1 {[%emt 0:0:2]} Rc8 {[%emt 0:0:21]} 21. Qd2 {[%emt 0:0:14]} Bc6 {[%emt 0:1:11]} 22. Rc3 {[%emt 0:0:18]} Qd7 {[%emt 0:0:8]} 23. Rfc1 {[%emt 0:0:2]
} Rfe8 {[%emt 0:0:24]} 24. Qf2 {[%emt 0:0:6]} Re6 {[%emt 0:0:0]} 25. h3 {[%emt 0:0:2]} h6 {[%emt 0:0:17]} 26. Kh2 {[%emt 0:0:2]} Rg6 {[%emt 0:0:36]
} 27. R1c2 {[%emt 0:0:4]} Ra8 {[%emt 0:0:26]} 28. Bc5 {[%emt 0:0:27]
} Ra5 {[%emt 0:0:43]} 29. Qd4 {[%emt 0:0:19]} Kh7 {[%emt 0:0:0]} 30. Bd6 {[%emt 0:0:55]} Rb5 {[%emt 0:0:19]} 31. Rf2 {[%emt 0:1:17]} Qd8 {[%emt 0:0:20]} 32. Bc5 {[%emt 0:0:39]} Qh4 {[%emt 0:0:36]} 33. Qe3 {[%emt 0:0:29]
} Rxc5 {[%emt 0:1:3]} 34. Rxc5 {[%emt 0:0:4]} d4 {[%emt 0:0:0]} 35. Qe2 {[%emt 0:0:28]} Rg3 {[%emt 0:2:45]} 36. Rxc6 {[%emt 0:0:42]} Re3 {[%emt 0:0:2]} 37. Qf1 {[%emt 0:0:31]} bxc6 {[%emt 0:0:29]} 38. b7 {[%emt 0:0:1]
} Qd8 {[%emt 0:0:3]} 39. Qb1 {[%emt 0:0:20]} Qb8 {[%emt 0:0:0]} 40. Rc2 {[%emt 0:0:29]} Rxd3 {[%emt 0:0:7]} 41. Rxc6 {[%emt 0:0:1]} Rb3 {[%emt 0:0:39]} 42. Qxf5+ {[%emt 0:0:1]} 1-0

[Event "FIDE World Rapid-ch Open 2018"]
[White "Belozerov, Andrei"]
[Black "Zubritskiy, Artyom"]
[Site "St. Petersburg"]
[Round "13.86"]
[Annotator "ChessBase"]
[Result "1-0"]
[Date "2018.12.28"]
[WhiteElo "2528"]
[BlackElo "2442"]
[PlyCount "99"]
[TimeControl "900+10"]

1. e4 {[%emt 0:0:0]} c5 {[%emt 0:0:0]} 2. Nf3 {[%emt 0:0:0]} d6 {[%emt 0:0:0]} 3. Bb5+ {[%emt 0:0:0]} Bd7 {[%emt 0:0:22]} 4. Bxd7+ {[%emt 0:0:0]} Qxd7 {[%emt 0:0:1]} 5. c4 {[%emt 0:0:0]} g6 {[%emt 0:0:33]} 6. d4 {[%emt 0:0:4]
} cxd4 {[%emt 0:0:2]} 7. Nxd4 {[%emt 0:0:2]} Bg7 {[%emt 0:0:0]} 8. b3 {[%emt 0:0:18]} Nc6 {[%emt 0:3:9]} 9. Bb2 {[%emt 0:0:2]} Nf6 {[%emt 0:3:5]
} 10. Nc3 {[%emt 0:0:1]} 0-0 {[%emt 0:0:9]} 11. 0-0 {[%emt 0:0:0]} e6 {[%emt 0:1:41]} 12. Re1 {[%emt 0:3:10]} Nxd4 {[%emt 0:2:23]} 13. Qxd4 {[%emt 0:0:2]} Nd5 {[%emt 0:0:4]} 14. Qd2 {[%emt 0:0:12]} Nxc3 {[%emt 0:0:2]
} 15. Bxc3 {[%emt 0:0:2]} Bxc3 {[%emt 0:0:2]} 16. Qxc3 {[%emt 0:0:1]
} b5 {[%emt 0:0:4]} 17. cxb5 {[%emt 0:4:2]} Qxb5 {[%emt 0:0:0]} 18. Rad1 {[%emt 0:0:11]} Rfd8 {[%emt 0:0:6]} 19. Rd4 {[%emt 0:0:22]} Rac8 {[%emt 0:1:14]} 20. Qd2 {[%emt 0:0:5]} Qe5 {[%emt 0:2:54]} 21. Rd1 {[%emt 0:0:27]
} Rc6 {[%emt 0:0:3]} 22. g3 {[%emt 0:3:35]} Rdc8 {[%emt 0:0:0]} 23. Qe3 {[%emt 0:0:26]} a6 {[%emt 0:0:27]} 24. Kg2 {[%emt 0:0:29]} Rc3 {[%emt 0:0:37]} 25. R1d3 {[%emt 0:0:34]} Rxd3 {[%emt 0:0:7]} 26. Qxd3 {[%emt 0:0:4]
} Rc6 {[%emt 0:0:2]} 27. b4 {[%emt 0:1:19]} g5 {[%emt 0:0:7]
} 28. h3 {[%emt 0:0:15]} Kf8 {[%emt 0:0:23]} 29. a4 {[%emt 0:0:17]} Ke7 {[%emt 0:0:17]
} 30. Rc4 {[%emt 0:0:50]} Rxc4 {[%emt 0:0:14]} 31. Qxc4 {[%emt 0:0:1]
} Kd7 {[%emt 0:0:4]} 32. Kf3 {[%emt 0:0:48]} h5 {[%emt 0:0:0]} 33. Qxa6 {[%emt 0:0:49]} Qc3+ {[%emt 0:0:2]} 34. Kg2 {[%emt 0:0:30]} Qxb4 {[%emt 0:0:1]} 35. Qa7+ {[%emt 0:0:7]} Ke8 {[%emt 0:0:6]} 36. Qa8+ {[%emt 0:0:7]
} Ke7 {[%emt 0:0:6]} 37. a5 {[%emt 0:0:2]} d5 {[%emt 0:0:24]
} 38. exd5 {[%emt 0:0:11]} Qe4+ {[%emt 0:0:2]} 39. Kh2 {[%emt 0:0:8]} exd5 {[%emt 0:0:12]} 40. Qa7+ {[%emt 0:0:24]} Kf6 {[%emt 0:0:19]} 41. a6 {[%emt 0:0:6]
} h4 {[%emt 0:0:12]} 42. Qb8 {[%emt 0:0:56]} Qf3 {[%emt 0:0:0]} 43. Qb6+ {[%emt 0:0:25]} Kg7 {[%emt 0:0:4]} 44. Qd4+ {[%emt 0:0:1]} Kg6 {[%emt 0:0:5]} 45. gxh4 {[%emt 0:0:4]} Qa3 {[%emt 0:0:14]} 46. a7 {[%emt 0:0:10]
} gxh4 {[%emt 0:0:12]} 47. Qg4+ {[%emt 0:0:8]} Kf6 {[%emt 0:0:0]} 48. Qxh4+ {[%emt 0:0:12]} Ke6 {[%emt 0:0:1]} 49. Qg4+ {[%emt 0:0:0]} Ke7 {[%emt 0:0:28]} 50. Qg5+ {[%emt 0:0:9]} 1-0